| 000 | 00414cam a2200169ua 4500 | ||
|---|---|---|---|
| 020 | _c1.25 | ||
| 041 |
_amal _h |
||
| 082 |
_a894.812 _bPAU/DA |
||
| 100 | _aPaul, K A . | ||
| 245 |
_aDamiyan / _cK A Paul. _hTextual Documents |
||
| 260 |
_aEranakulam : _bSahitya Nilayam Printers and Publishing House , _c1954. |
||
| 300 | _a82 ; . | ||
| 365 | _a1.25 | ||
| 504 | _a | ||
| 942 | _cBK | ||
| 999 |
_c6312 _d6312 |
||